MARC details
| 000 -LEADER |
| fixed length control field |
01558nam a2200457 a 4500 |
| 001 - CONTROL NUMBER |
| control field |
21584 |
| 003 - CONTROL NUMBER IDENTIFIER |
| control field |
VRT |
| 005 - DATE AND TIME OF LATEST TRANSACTION |
| control field |
20260306124001.0 |
| 008 - FIXED-LENGTH DATA ELEMENTS--GENERAL INFORMATION |
| fixed length control field |
160808s1991 stka 6 000 0 slo |
| 015 ## - NATIONAL BIBLIOGRAPHY NUMBER |
| National bibliography number |
SNBZSA2016/9 |
| 020 ## - INTERNATIONAL STANDARD BOOK NUMBER |
| International Standard Book Number |
1555137911 |
| Qualifying information |
(brožované) |
| 039 #9 - LEVEL OF BIBLIOGRAPHIC CONTROL AND CODING DETAIL [OBSOLETE] |
| Level of rules in bibliographic description |
201609291616 |
| Level of effort used to assign nonsubject heading access points |
msnk131 |
| Level of effort used to assign subject headings |
201609291615 |
| Level of effort used to assign classification |
msnk131 |
| Level of effort used to assign subject headings |
201609291614 |
| Level of effort used to assign classification |
msnk131 |
| Level of effort used to assign subject headings |
201608081349 |
| Level of effort used to assign classification |
msnk03 |
| 040 ## - CATALOGING SOURCE |
| Original cataloging agency |
snk |
| Language of cataloging |
slo |
| Transcribing agency |
SNK |
| Description conventions |
AACR2 |
| 041 1# - LANGUAGE CODE |
| Language code of text/sound track or separate title |
slo |
| Language code of original |
eng |
| 044 ## - COUNTRY OF PUBLISHING/PRODUCING ENTITY CODE |
| MARC country code |
stk |
| 072 #7 - SUBJECT CATEGORY CODE |
| Subject category code |
27 |
| Subject category code subdivision |
Kresťanstvo. Kresťanská cirkev všeobecne. Ekleziológia |
| Source |
konspekt |
| 080 ## - UNIVERSAL DECIMAL CLASSIFICATION NUMBER |
| Universal Decimal Classification number |
27 |
| Edition identifier |
2011 |
| 080 ## - UNIVERSAL DECIMAL CLASSIFICATION NUMBER |
| Universal Decimal Classification number |
2-236.5 |
| Edition identifier |
2011 |
| 080 ## - UNIVERSAL DECIMAL CLASSIFICATION NUMBER |
| Universal Decimal Classification number |
82-93-053.2 |
| Edition identifier |
2011 |
| 080 ## - UNIVERSAL DECIMAL CLASSIFICATION NUMBER |
| Universal Decimal Classification number |
(084.1) |
| Edition identifier |
2011 |
| 245 00 - TITLE STATEMENT |
| Title |
Nová Zmluva. Obrázková Biblia |
| 250 ## - EDITION STATEMENT |
| Edition statement |
First Slovak Edition |
| 260 ## - PUBLICATION, DISTRIBUTION, ETC. |
| Place of publication, distribution, etc. |
Elgin |
| Name of publisher, distributor, etc. |
David C. Cook Publishing Co. |
| Date of publication, distribution, etc. |
1991 |
| 300 ## - PHYSICAL DESCRIPTION |
| Extent |
255 s. |
| Other physical details |
ilustr. |
| Dimensions |
22 cm |
| 600 17 - SUBJECT ADDED ENTRY--PERSONAL NAME |
| Personal name |
Ježiš Kristus |
| Source of heading or term |
SNKMA |
| 630 #7 - SUBJECT ADDED ENTRY--UNIFORM TITLE |
| Uniform title |
Biblia |
| Source of heading or term |
SNKPH |
| 630 #7 - SUBJECT ADDED ENTRY--UNIFORM TITLE |
| Uniform title |
Bible |
| Source of heading or term |
SNKPHeng |
| 650 07 - SUBJECT ADDED ENTRY--TOPICAL TERM |
| Topical term or geographic name entry element |
kresťanstvo |
| Source of heading or term |
SNKPH |
| 650 07 - SUBJECT ADDED ENTRY--TOPICAL TERM |
| Topical term or geographic name entry element |
Christianity |
| Source of heading or term |
SNKPHeng |
| 650 07 - SUBJECT ADDED ENTRY--TOPICAL TERM |
| Topical term or geographic name entry element |
biblické príbehy |
| Source of heading or term |
SNKPH |
| 650 07 - SUBJECT ADDED ENTRY--TOPICAL TERM |
| Topical term or geographic name entry element |
Bible stories |
| Source of heading or term |
SNKPHeng |
| 650 07 - SUBJECT ADDED ENTRY--TOPICAL TERM |
| Topical term or geographic name entry element |
biblické udalosti |
| Source of heading or term |
SNKPH |
| 650 07 - SUBJECT ADDED ENTRY--TOPICAL TERM |
| Topical term or geographic name entry element |
Biblical events |
| Source of heading or term |
SNKPHeng |
| 655 #7 - INDEX TERM--GENRE/FORM |
| Genre/form data or focus term |
publikácie pre deti |
| Source of term |
SNKPH |
| 655 #7 - INDEX TERM--GENRE/FORM |
| Genre/form data or focus term |
Children's literature |
| Source of term |
SNKPHeng |
| 655 #7 - INDEX TERM--GENRE/FORM |
| Genre/form data or focus term |
komiksy |
| Source of term |
SNKPH |
| 655 #7 - INDEX TERM--GENRE/FORM |
| Genre/form data or focus term |
Comics |
| Source of term |
SNKPHeng |
| 910 ## - USER-OPTION DATA (OCLC) |
| User-option data |
snk |
| 942 ## - ADDED ENTRY ELEMENTS (KOHA) |
| Source of classification or shelving scheme |
Dewey Decimal Classification |
| Koha item type |
Krásna literatúra pre deti |
| Suppress in OPAC |
No |
| 949 ## - LOCAL PROCESSING INFORMATION (OCLC) |
| 6 |
17A1124493 |
| a |
snkOSC 27604 D1 |
| b |
snk2016/18707 |
| o |
Dar, Oravská knižnica Antona Habovštiaka, Dolný Kubín<br/>Exemplár prerobený na D1 (pôvodne bol simplikát v horšom stave) |